| 000 | 00963cam a2200265 a 4500 | ||
|---|---|---|---|
| 005 | 20131115084202.0 | ||
| 008 | 020412s2002 nyu b 001 0 eng | ||
| 020 | _a0521817749 ( | ||
| 020 | _a0521520932 | ||
| 041 | 0 | _aeng | |
| 080 |
_a341 _x(094.2) |
||
| 100 | 1 | _aKlabbers, Jan. | |
| 245 | 1 | 3 |
_aAn introduction to international institutional law / _cJan Klabbers. |
| 260 |
_aNew York : _bCambridge University Press, _cc2002. |
||
| 300 |
_a399 f. ; _c24 cm. |
||
| 500 | _aPreface : f. XIII-XV | ||
| 504 | _aIncludes bibliographical references and index. | ||
| 504 | _aBiblography : f. 345-372 | ||
| 650 | 0 | _aInstitucionet | |
| 650 | 0 | _aE drejta ndërkombëtare | |
| 856 | 4 | 1 |
_3Sample text _uhttp://www.loc.gov/catdir/samples/cam033/2002067359.html |
| 856 | 4 | 2 |
_3Publisher description _uhttp://www.loc.gov/catdir/description/cam022/2002067359.html |
| 856 | 4 | 1 |
_3Table of contents _uhttp://www.loc.gov/catdir/toc/cam021/2002067359.html |
| 942 |
_2udc _cBK |
||
| 999 |
_c330 _d330 |
||